Alexander Graham Bell/. (Record no. 116573)
[ view plain ]
| 000 -LEADER | |
|---|---|
| fixed length control field | 00385nam a2200145 a 4500 |
| 005 - DATE AND TIME OF LATEST TRANSACTION | |
| control field | 20140513081057.0 |
| 008 - FIXED-LENGTH DATA ELEMENTS--GENERAL INFORMATION | |
| fixed length control field | 070925s19uu xx 00 eng d |
| 050 ## - LIBRARY OF CONGRESS CALL NUMBER | |
| Classification number | VCD |
| Item number | Al374 2001 |
| 245 ## - TITLE STATEMENT | |
| Title | Alexander Graham Bell/. |
| 260 ## - PUBLICATION, DISTRIBUTION, ETC. (IMPRINT) | |
| Place of publication, distribution, etc | Philippines : |
| Name of publisher, distributor, etc | Nest, |
| Date of publication, distribution, etc | 2001. |
| 440 ## - SERIES STATEMENT/ADDED ENTRY--TITLE | |
| Title | The Animated stories classics |
| 500 ## - GENERAL NOTE | |
| General note | Run time: 30 minutes |
| 650 ## - SUBJECT ADDED ENTRY--TOPICAL TERM | |
| Topical term or geographic name as entry element | Scientist |
| Withdrawn status | Lost status | Damaged status | Home library | Current library | Shelving location | Date acquired | Source of acquisition | Cost, normal purchase price | Total Checkouts | Full call number | Barcode | Date last seen | Price effective from | Koha item type |
|---|---|---|---|---|---|---|---|---|---|---|---|---|---|---|
| Elizalde Library | Elizalde Library | Audio Visual Material Section | 09/25/2007 | 150.00 | VCD Al374 2001 | E672 | 05/13/2014 | 05/13/2014 | Audio Visual Materials |